| 000 | 00550nam a22001817a 4500 | ||
|---|---|---|---|
| 003 | 0 | ||
| 005 | 20230929131229.0 | ||
| 008 | 230929b xxu||||| |||| 00| 0 eng d | ||
| 020 | _a978-621-451-010-8 | ||
| 050 |
_aPE 1112 _b.St77 2021 |
||
| 245 | _aStructures of english | ||
| 260 |
_aQuezon City _bLorimar Publishing Inc. _cc2021. |
||
| 300 |
_axviii, 147 pages ; _c26 cm. |
||
| 500 | _aEnglish--study and teaching. | ||
| 504 | _aIncludes bibliographical references and index. | ||
| 650 | _aEnglish--study and teaching. | ||
| 942 |
_2lcc _cBK |
||
| 999 |
_c365441 _d365441 |
||